000 00441nam a22001337a 4500
005 20241106103630.0
008 241106b |||||||| |||| 00| 0 eng d
245 _aThe Ghana Law Reports 1977 Vol.2
260 _aAccra, Ghana
_bCouncil for Law Reporting
_c1977
300 _axxxiii, 538 pages
_c25 cm
500 _aCases determined by the High Court and the Court of Appeal of the Republic of Ghana.
650 _2Law Reports
942 _2lcc
_cBK
_n0
999 _c675
_d675